书目信息 |
| 书名: | Shunga | |
| 作者: | Ishigami Aki. | |
| 分册号: | ||
| 分册名: | 出版地: |
|
| 出版社: | ||
| 出版时间: | 2014.11.07. | |
| 页数: | 321 p. ; | |
| 开本: | 30cm. | |
| 丛书名: | ||
| 中图分类号: | ||
| 科图分类号: | ||
| 其他分类号: | J232 | |
| 主题词: | ||
| 电子资源: | ||
| 000 | 00410nam 2200169 a 4500 | |
| 001 | E1729689388 | |
| 005 | 20171204081856.42 | |
| 008 | 171204s2014 00010 eng | |
| 020 | @a978-4-7562-4368-3 :@cCNY 750.00. | |
| 040 | @aPFT@beng | |
| 093 | @aJ232 | |
| 099 | @dJ232@eI514 | |
| 245 | @aShunga / @cIshigami Aki. | |
| 260 | @c2014.11.07. | |
| 300 | @a321 p. ;@c30cm. | |
| 650 | 0 | @a绘画@x世界 |
| 650 | 0 | @a绘画@y各国 |
| Shunga / / Ishigami Aki.-2014.11.07. |
| 321 p. ; ; 30cm. |
| ISBN 978-4-7562-4368-3 :CNY 750.00. |
| ● |
| 相关链接 |
|
|
|
正题名:Shunga
索取号:J232/I514
 
预约/预借
| 序号 | 登录号 | 条形码 | 馆藏地/架位号 | 状态 | 备注 |
| 1 | 0015869 | 300158692 | 艺术设计学院资料室/ [索取号:J232/I514] | 在馆 |